Margarétás réten

Bibliographic Details
Main Author: Zirig, Árpád, 1940- (Author)
Format: Article
Language:Hungarian
Subjects:

MARC

LEADER 00000nab a2200000 a 4500
001 vtls000494674
003 SK-MaSNL
005 20260303225848.0
008 160202c1993 xo 0 hun
015 |a SNBRB19rr/mm-uuuuu 
035 |a CL0494812 
040 |a SNKBUCL  |b slo  |c SNKBUCL  |e AACR2 
041 0 |a hun 
044 |a xo  |c SK 
080 |a 894.511 (437.6)-1=945.11  |2 1981 
100 1 |a Zirig, Árpád,  |d 1940-  |4 aut  |9 246714 
245 1 0 |a Margarétás réten  |c Árpád Zirig 
650 0 7 |a básne lyrické  |2 snkbucl  |9 403933 
655 7 |a články z novín a časopisov  |2 snkbucl  |9 267496 
655 7 |a články z odboru literárna veda a krásna literatúra  |2 snkbucl  |9 770045 
773 0 |t Vasárnap  |g Roč. 26, č. 33 (1993), s. 12 
850 |a Slovenská národná knižnica v Martine  |a DSG001 
852 |a SNK  |b KIS3GCP 
958 |a RK 
958 |a HU 
958 |a LX 
992 |a RBX 
999 |c 2258917  |d 2260847